| 000 | 00575cam a22002171 4500 | ||
|---|---|---|---|
| 001 | med47001896 | ||
| 003 | DLC | ||
| 005 | 20260227111604.0 | ||
| 008 | 810622s1946 xx a 000 0 fre | ||
| 010 | _amed47001896 | ||
| 035 | _a(OCoLC)14747452 | ||
| 040 |
_aDLC _cDNLM _dDLC |
||
| 042 | _apremarc | ||
| 050 | 0 | 0 |
_aBF698 _b.B63 |
| 060 | 0 |
_aBF 818 _bB783i 1946 |
|
| 100 | 1 |
_aBoven, William, _d1887- |
|
| 245 | 1 | 0 | _aIntroduction à la caractérologie. |
| 260 |
_aLausanne, _bRouge, _c1946. |
||
| 300 |
_a148 p. _bill. |
||
| 440 | 0 | _aSciences et médecine. Série médicale | |
| 999 |
_c38453 _d38453 |
||